000 00831 a2200229 4500
001 48559
005 20260407155750.0
008 260407a2018 arg spa d
003 AR-UNSa-BCEJYS
040 _aAR-UNSa-BCEJYS
_bspa
_cAR-UNSa-BCEJYS
080 _a311.3
_xOrganización general de las estadisticas. Estadística oficial
245 1 0 _a2017 Sinopsis
_pestadìstica de la República Argentina
020 _a978-950-896-514-1
264 1 _aBuenos Aires :
_bINDEC
_c2018
300 _a99 p.
_c21 cm.
505 _a1. Territorio y población - 2. Sociedad - 3. Economía
041 _aspa
942 _cBK
590 _aniveau_biblio:m niveau_hierar:0
100 1 _aInstituto Nacional de Estadística y Censos (INDEC)
856 4 1 _uhttps://www.biblioeco.unsa.edu.ar/pmb/images/libros/D00079
_yImagen de portada
_qimage/jpeg
999 _c4627
_d4627